[Event "C.to Provinciale MB"]
[Site "Ceriano Laghetto ITA"]
[Date "2011.02.??"]
[Round "1"]
[White "Gagliardi, Christian"]
[Black "Origgio, Stefano"]
[Result "1-0"]
[WhiteElo "2216"]
[BlackElo "1734"]
[PlyCount "94"]
[EventDate "2011.02.01"]

1. e4 e5 2. Nf3 Nc6 3. Bb5 a6 4. Bxc6 dxc6 5. O-O Bg4 6. h3 h5 7. d3 Qf6 8. Be3
Bd6 9. Nbd2 Ne7 10. Re1 Bxf3 11. Nxf3 c5 12. c3 O-O-O 13. Qa4 Qe6 14. Ng5 Qg6
15. Qb3 Rdf8 16. a4 h4 17. Qc4 Rh5 18. Nf3 f5 19. Bxc5 fxe4 20. Bxd6 Qxd6 21.
Rxe4 Qf6 22. Rxh4 Rf5 23. Rf1 g5 24. Rh7 Rf4 25. Qc5 Nc6 26. Qd5 Rd8 27. Qb3
Qg6 28. Nxg5 Qxg5 29. Qe6+ Kb8 30. b4 Qf5 31. Qxf5 Rxf5 32. Rd1 b5 33. axb5
axb5 34. Kf1 e4 35. d4 Re8 36. Ke2 Ref8 37. Rf1 Kc8 38. Rh4 Ne7 39. Rxe4 Nd5
40. Re5 Nxc3+ 41. Kd3 Rxe5 42. dxe5 Nd5 43. Kd4 c6 44. f4 Nxb4 45. f5 Kd7 46.
Ra1 Nd5 47. Ra7+ Kc8 1-0

[Event "C.to Provinciale MB"]
[Site "Ceriano Laghetto ITA"]
[Date "2011.02.??"]
[Round "1"]
[White "Conta, Diego"]
[Black "Guzzetti, Luigi Enrico"]
[Result "1-0"]
[WhiteElo "1708"]
[BlackElo "1952"]
[PlyCount "91"]
[EventDate "2011.02.01"]

1. d4 Nf6 2. c4 g6 3. Nc3 Bg7 4. Nf3 d6 5. e4 O-O 6. Be2 c5 7. O-O cxd4 8. Nxd4
Nbd7 9. Nf3 b6 10. Be3 Bb7 11. Nd2 Rc8 12. Rc1 Ne5 13. Nd5 Nfd7 14. Bg5 Bxd5
15. exd5 h6 16. Bh4 g5 17. Bg3 Ng6 18. Qc2 b5 19. b3 Qb6 20. Bg4 Rc7 21. Bxd7
Rxd7 22. cxb5 Qxb5 23. Qc6 Rb7 24. a4 Qb6 25. a5 Qb5 26. Rc4 Rfb8 27. b4 Qa4
28. Qxa4 h5 29. f3 h4 30. Bf2 Nf4 31. Ne4 Nxd5 32. Nxg5 Nc3 33. Rxc3 Bxc3 34.
Qb3 Bg7 35. Qxf7+ Kh8 36. Ne6 Bf6 37. Qh5+ Kg8 38. Qg6+ Kh8 39. Bxh4 Bc3 40.
Ng5 e6 41. Nf7+ Rxf7 42. Qxf7 Bd4+ 43. Kh1 Rxb4 44. Bf6+ Bxf6 45. Qxf6+ Kh7 46.
Qxe6 1-0

[Event "C.to Provinciale MB"]
[Site "Ceriano Laghetto ITA"]
[Date "2011.02.??"]
[Round "1"]
[White "Morselli, Stefano"]
[Black "Santarelli, Sabatino"]
[Result "1-0"]
[WhiteElo "1894"]
[BlackElo "1668"]
[PlyCount "135"]
[EventDate "2011.02.01"]

1. Nf3 c5 2. g3 Nc6 3. Bg2 Nf6 4. O-O d6 5. d3 g6 6. e4 Bg7 7. Nbd2 O-O 8. Re1
Bd7 9. c3 Rb8 10. a4 Ng4 11. Nc4 Nge5 12. Ncxe5 Nxe5 13. d4 cxd4 14. cxd4 Nc6
15. d5 Ne5 16. Nd4 Nc4 17. b3 Na5 18. Be3 b6 19. Qd3 Nb7 20. b4 a5 21. Nc6 Bxc6
22. dxc6 Bxa1 23. Rxa1 Nc5 24. bxc5 bxc5 25. Qc3 e5 26. Bf1 Qc7 27. Bb5 Ra8 28.
Rd1 Rfd8 29. Qc4 Qe7 30. Qd5 Kg7 31. Qd2 f6 32. h4 h5 33. Qe2 Ra7 34. Bc1 Qf8
35. Qd2 Kh7 36. Ba3 Raa8 37. Bc4 Qe7 38. Bc1 Qg7 39. Be6 Ra7 40. Bd7 Rdxd7 41.
cxd7 Rxd7 42. Ba3 f5 43. Bxc5 fxe4 44. Bb6 d5 45. Qxa5 d4 46. Qd2 Qf6 47. a5
Rf7 48. Qe2 Qc6 49. Rd2 Qc1+ 50. Kg2 d3 51. Qe3 Qc6 52. Kh2 Rf3 53. Qg5 Qd7 54.
Qxe5 Qb7 55. Rb2 Rf5 56. Qc7+ Qxc7 57. Bxc7 Rc5 58. Bb6 Rd5 59. Rd2 Rd6 60. Kg2
Kg7 61. f3 exf3+ 62. Kxf3 Kf6 63. Ke3 Kf5 64. Rxd3 Re6+ 65. Kf3 Rc6 66. Rb3 Rc8
67. a6 Ra8 68. a7 1-0

[Event "C.to Provinciale MB"]
[Site "Ceriano Laghetto ITA"]
[Date "2011.02.??"]
[Round "1"]
[White "Boffi, Luigi"]
[Black "Regorda, Vittorio"]
[Result "0-1"]
[WhiteElo "1627"]
[BlackElo "1876"]
[PlyCount "72"]
[EventDate "2011.02.01"]

1. e4 e5 2. Nf3 d6 3. h3 Nf6 4. Nc3 Be7 5. Bc4 c6 6. O-O O-O 7. d3 b5 8. Bb3 a5
9. a3 Ba6 10. Bg5 Nbd7 11. Ne2 Nc5 12. Ba2 h6 13. Bh4 g5 14. Bg3 Nh5 15. Bh2
Nf4 16. Ng3 Bc8 17. d4 exd4 18. Nxd4 Qc7 19. Re1 Bf6 20. Rb1 Be5 21. Nf3 Bg7
22. Nd4 Be6 23. Nxe6 fxe6 24. Nf5 Kh7 25. Nxg7 Kxg7 26. h4 Qe7 27. hxg5 hxg5
28. Qg4 e5 29. Bg3 Rh8 30. Qd1 Rh6 31. f3 Rah8 32. Qd2 a4 33. b4 Nce6 34. c4
Nd4 35. Bxf4 gxf4 36. cxb5 Rh1+ 0-1

[Event "C.to Provinciale MB"]
[Site "Ceriano Laghetto ITA"]
[Date "2011.02.??"]
[Round "1"]
[White "Pino, Nicola"]
[Black "Moioli, Ferruccio"]
[Result "1/2-1/2"]
[WhiteElo "1790"]
[BlackElo "1624"]
[PlyCount "97"]
[EventDate "2011.02.01"]

1. e4 g6 2. d4 d6 3. Nc3 Bg7 4. Nf3 Nd7 5. Bc4 e6 6. Bg5 Ne7 7. Qd2 a6 8. a4 c5
9. Bh6 O-O 10. Bxg7 Kxg7 11. h4 h5 12. g4 Nf6 13. gxh5 Nxh5 14. d5 e5 15. Ne2
Ng8 16. Ng3 Ngf6 17. Rg1 Bg4 18. Qe3 Qd7 19. Nh2 Nxg3 20. Rxg3 Bh5 21. Be2 Rh8
22. f3 b5 23. axb5 axb5 24. Qc1 b4 25. b3 Qd8 26. Ra4 Nd7 27. Qg5 Qxg5 28. hxg5
Nb6 29. Rxa8 Rxa8 30. Rg1 Ra1+ 31. Kf2 Rxg1 32. Kxg1 f5 33. gxf6+ Kxf6 34. Nf1
Kg5 35. Kf2 Nd7 36. Ne3 Kf6 37. Nc4 Ke7 38. Bf1 g5 39. Bh3 Nf6 40. Ne3 Bg6 41.
Kg2 Nh5 42. Kf2 Nf4 43. Bg4 Bh7 44. Nc4 Bg6 45. Nb6 Kd8 46. Nc8 Kc7 47. Na7 Be8
48. Nc8 Bb5 49. Ne7 1/2-1/2

[Event "C.to Provinciale MB"]
[Site "Ceriano Laghetto ITA"]
[Date "2011.02.??"]
[Round "1"]
[White "Canciani, Alberto"]
[Black "Moroni, Luca jr"]
[Result "0-1"]
[WhiteElo "1620"]
[BlackElo "1770"]
[PlyCount "73"]
[EventDate "2011.02.01"]

1. c4 c5 2. Nc3 Nf6 3. e4 Nc6 4. Nf3 d6 5. h3 e6 6. d3 Be7 7. Be3 b6 8. Qd2 Bb7
9. Rd1 a6 10. g4 Qc7 11. Bg2 Rc8 12. O-O O-O 13. Qc1 Nd7 14. Ne2 Nde5 15. Nxe5
dxe5 16. f4 exf4 17. Nxf4 Bd6 18. Nh5 Be5 19. Bf4 Nd4 20. Ng3 b5 21. b3 Bxf4
22. Qxf4 Qxf4 23. Rxf4 bxc4 24. dxc4 e5 25. Rf2 g6 26. Ne2 Nc2 27. Nc3 Ne3 28.
Rdd2 f5 29. Nd5 Bxd5 30. cxd5 f4 31. Bf3 Kf7 32. Rb2 Rb8 33. g5 a5 34. Bg4 a4
35. Be6+ Ke7 36. a3 Rxb3 37. Ra2 0-1

[Event "C.to Provinciale MB"]
[Site "Ceriano Laghetto ITA"]
[Date "2011.02.??"]
[Round "1"]
[White "Ronconi, Fausto"]
[Black "Bertuolo, Sergio"]
[Result "1-0"]
[WhiteElo "1749"]
[BlackElo "1478"]
[PlyCount "77"]
[EventDate "2011.02.01"]

1. d4 Nf6 2. c4 g6 3. Nc3 Bg7 4. Nf3 d6 5. g3 O-O 6. Bg2 c6 7. O-O Nbd7 8. b3
a5 9. Bb2 Re8 10. Nd2 Nf8 11. Nde4 Nxe4 12. Nxe4 Ne6 13. Rb1 Qc7 14. d5 Bxb2
15. dxe6 Bg7 16. exf7+ Kxf7 17. Ng5+ Kg8 18. Qd3 Rf8 19. h4 e5 20. h5 Qe7 21.
Ne4 Bf5 22. hxg6 Bxg6 23. Rbd1 Rad8 24. Qc3 b6 25. Rd3 d5 26. cxd5 cxd5 27.
Rxd5 Rxd5 28. Nf6+ Bxf6 29. Bxd5+ Kh8 30. Qc6 Qc5 31. Rc1 Qxc6 32. Rxc6 Bd8 33.
Re6 e4 34. Bxe4 Bxe4 35. Rxe4 Bf6 36. a4 Rc8 37. b4 axb4 38. Rxb4 Bd4 39. Rxd4
1-0

[Event "C.to Provinciale MB"]
[Site "Ceriano Laghetto ITA"]
[Date "2011.02.??"]
[Round "1"]
[White "De Dominicis, Arrigo"]
[Black "Napoli, Ferdinando"]
[Result "0-1"]
[WhiteElo "1387"]
[BlackElo "1744"]
[PlyCount "58"]
[EventDate "2011.02.01"]

1. e4 c5 2. Bc4 e6 3. d3 d6 4. Nf3 Nf6 5. Nc3 Nc6 6. Bf4 a6 7. a4 Be7 8. e5
dxe5 9. Nxe5 Nxe5 10. Bxe5 O-O 11. Qf3 Qb6 12. b3 Bd7 13. O-O Bc6 14. Qg3 Ne8
15. a5 Qd8 16. Rad1 Bd6 17. Bxd6 Nxd6 18. Ra1 Nf5 19. Qh3 Nd4 20. Ne4 Bxe4 21.
dxe4 Nxc2 22. Rfc1 Nd4 23. Bd3 Qg5 24. e5 g6 25. Rab1 Nc6 26. Re1 Rfd8 27. Re4
Nxe5 28. Rh4 Rxd3 29. Rxh7 Rxh3 0-1

[Event "C.to Provinciale MB"]
[Site "Ceriano Laghetto ITA"]
[Date "2011.02.??"]
[Round "2"]
[White "Napoli, Ferdinando"]
[Black "Gagliardi, Christian"]
[Result "0-1"]
[WhiteElo "1744"]
[BlackElo "2216"]
[PlyCount "34"]
[EventDate "2011.02.01"]

1. e4 g6 2. d4 Bg7 3. c4 d6 4. Nc3 Nc6 5. Nf3 Bg4 6. Be3 Bxf3 7. gxf3 e5 8.
dxe5 dxe5 9. Nd5 Nf6 10. Qd2 O-O 11. O-O-O Nh5 12. h4 Nd4 13. f4 Ne6 14. f5 Nd4
15. Be2 c6 16. Bg5 f6 17. fxg6 cxd5 0-1

[Event "C.to Provinciale MB"]
[Site "Ceriano Laghetto ITA"]
[Date "2011.02.??"]
[Round "2"]
[White "Bencivenga, Antonio"]
[Black "Morselli, Stefano"]
[Result "0-1"]
[WhiteElo "1356"]
[BlackElo "1894"]
[PlyCount "78"]
[EventDate "2011.02.01"]

1. c4 Nf6 2. Nf3 g6 3. Nc3 Bg7 4. d4 O-O 5. e4 d6 6. Bf4 c5 7. e5 dxe5 8. dxe5
Nfd7 9. Be2 Nc6 10. e6 fxe6 11. Bg3 Nd4 12. O-O e5 13. Rb1 b6 14. Bd3 Bb7 15.
Be4 Bxe4 16. Nxe4 Nf6 17. Re1 Nxe4 18. Rxe4 Nxf3+ 19. gxf3 Qxd1+ 20. Rxd1 Rad8
21. Rb1 Rd4 22. b3 Rxf3 23. Rbe1 Rd2 24. Kg2 Rf5 25. Kh3 Kf7 26. Bxe5 Bxe5 27.
Rxe5 Rxe5 28. Rxe5 Rxf2 29. Re1 Rxa2 30. Re3 e6 31. Kg3 Rd2 32. h3 a6 33. Kf4
Kf6 34. Kf3 b5 35. cxb5 axb5 36. Rc3 Rd5 37. Kg2 e5 38. Kf3 Ke7 39. Kg3 e4 0-1

[Event "C.to Provinciale MB"]
[Site "Ceriano Laghetto ITA"]
[Date "2011.02.??"]
[Round "2"]
[White "Regorda, Vittorio"]
[Black "Ronconi, Fausto"]
[Result "1-0"]
[WhiteElo "1876"]
[BlackElo "1749"]
[PlyCount "129"]
[EventDate "2011.02.01"]

1. d4 d5 2. c4 e6 3. Nf3 Nf6 4. g3 dxc4 5. Bg2 Bb4+ 6. Bd2 Bxd2+ 7. Nbxd2 Nc6
8. Nxc4 O-O 9. O-O Rb8 10. e3 b5 11. Ncd2 a5 12. Nb3 a4 13. Nc5 Ne7 14. Ne5 Nd7
15. Nexd7 Bxd7 16. Rc1 Bc8 17. Qc2 Nd5 18. Rfd1 Qe7 19. a3 Nb6 20. Bf1 Nd7 21.
Bd3 Nf6 22. Qe2 Qe8 23. Bc2 Bb7 24. Bd3 Bd5 25. e4 Bc4 26. Bxc4 bxc4 27. Rxc4
Qb5 28. Rd2 Ra8 29. Rb4 Qc6 30. f3 Rfb8 31. Qc4 Rxb4 32. Qxb4 Nd7 33. Rc2 Nxc5
34. Qxc5 Qxc5 35. Rxc5 Ra7 36. Rc4 g6 37. Kf2 Rb7 38. Rb4 Ra7 39. Ke3 Kf8 40.
h4 Ke7 41. e5 Kd7 42. Kf4 h6 43. g4 Kc6 44. Ke4 Kd7 45. f4 Ra5 46. f5 exf5+ 47.
gxf5 g5 48. hxg5 hxg5 49. b3 axb3 50. Rxb3 Ra4 51. Rc3 c6 52. f6 Kc7 53. Kd3
Kd7 54. Ke4 Kc7 55. Rd3 c5 56. Kd5 c4 57. Rg3 Kd7 58. Re3 g4 59. Ke4 Ra8 60.
Kf4 Rg8 61. Kg3 Ra8 62. Rc3 Ke6 63. Rxc4 Rxa3+ 64. Kxg4 Rd3 65. Kf4 1-0

[Event "C.to Provinciale MB"]
[Site "Ceriano Laghetto ITA"]
[Date "2011.02.??"]
[Round "2"]
[White "Moroni, Luca jr"]
[Black "Conta, Diego"]
[Result "1-0"]
[WhiteElo "1770"]
[BlackElo "1708"]
[PlyCount "91"]
[EventDate "2011.02.01"]

1. e4 c5 2. Nf3 e6 3. d4 cxd4 4. Nxd4 Nf6 5. Nc3 Bb4 6. Bd3 Nc6 7. Be3 Qa5 8.
Qd2 O-O 9. O-O Nxd4 10. Bxd4 e5 11. Be3 d5 12. exd5 Nxd5 13. Bxh7+ Kxh7 14.
Qxd5 Bxc3 15. Qd3+ Kg8 16. Qxc3 Qxc3 17. bxc3 Bf5 18. Rad1 Bxc2 19. Rd2 Be4 20.
f4 Bc6 21. Rd6 e4 22. Rfd1 a6 23. g4 Rfe8 24. f5 Rac8 25. c4 Re5 26. c5 Bb5 27.
R1d2 Kf8 28. h4 Bd3 29. a4 Re7 30. h5 Rc6 31. Kf2 Ke8 32. Kg3 Rd7 33. Rxd7 Kxd7
34. g5 Rc8 35. Rb2 Kc7 36. Rb6 Re8 37. h6 gxh6 38. gxh6 Rh8 39. Kf4 Bc2 40. a5
Ba4 41. Rf6 Rh7 42. Rd6 Bc6 43. Kg5 Kc8 44. Kf6 Bb5 45. Ke7 Kb8 46. Kf8 1-0

[Event "C.to Provinciale MB"]
[Site "Ceriano Laghetto ITA"]
[Date "2011.02.??"]
[Round "2"]
[White "Origgio, Stefano"]
[Black "Pino, Nicola"]
[Result "0-1"]
[WhiteElo "1734"]
[BlackElo "1790"]
[PlyCount "68"]
[EventDate "2011.02.01"]

1. d4 d5 2. c4 Nf6 3. Nc3 c6 4. e3 e6 5. Nf3 Bb4 6. Bd3 Ne4 7. Qc2 f5 8. O-O
Nd7 9. cxd5 exd5 10. Ne2 O-O 11. Nf4 Ndf6 12. Nd2 Ba5 13. Nb3 Bc7 14. Nh3 Qd6
15. f4 b6 16. Nd2 Ng4 17. Nxe4 fxe4 18. Be2 Rf6 19. Bxg4 Bxg4 20. Nf2 Bd7 21.
Qb3 Kh8 22. Bd2 Rg6 23. Kh1 Rb8 24. a3 Rh6 25. Rg1 g5 26. g3 Rg8 27. Qd1 g4 28.
Rc1 Bc8 29. Qa4 a5 30. b4 Ba6 31. Rge1 Qg6 32. Kg2 Qh5 33. h4 gxh3+ 34. Kh2 Qf3
0-1

[Event "C.to Provinciale MB"]
[Site "Ceriano Laghetto ITA"]
[Date "2011.02.??"]
[Round "2"]
[White "Moioli, Ferruccio"]
[Black "Guzzetti, Luigi Enrico"]
[Result "0-1"]
[WhiteElo "1624"]
[BlackElo "1952"]
[PlyCount "92"]
[EventDate "2011.02.01"]

1. d4 Nf6 2. Nf3 g6 3. Bg5 Bg7 4. e3 O-O 5. c4 d6 6. Nc3 Nbd7 7. Be2 c6 8. O-O
a6 9. Rb1 b5 10. a3 bxc4 11. Bxc4 Bb7 12. b4 Qc7 13. Be2 h6 14. Bh4 g5 15. Bg3
Nh5 16. Rc1 Nxg3 17. fxg3 Nf6 18. Nd2 a5 19. b5 c5 20. Bf3 Bxf3 21. Nxf3 Qb6
22. a4 e6 23. Ne2 Nd5 24. Qd2 Rac8 25. Kh1 f5 26. Rfd1 Rfd8 27. Nc3 Nxc3 28.
Rxc3 g4 29. Nh4 c4 30. Ng6 Kf7 31. Nf4 d5 32. Qe2 Bf8 33. h3 Bb4 34. Rc2 Rg8
35. hxg4 Rxg4 36. Rf1 Ke7 37. Nxd5+ exd5 38. Rxf5 Rg5 39. e4 Qe6 40. exd5 Qxe2
41. Rxe2+ Kd8 42. Rf7 c3 43. Rc2 Rxd5 44. b6 Rxd4 45. b7 Rb8 46. Rh7 Rd2 0-1

[Event "C.to Provinciale MB"]
[Site "Ceriano Laghetto ITA"]
[Date "2011.02.??"]
[Round "2"]
[White "Santarelli, Sabatino"]
[Black "De Dominicis, Arrigo"]
[Result "1-0"]
[WhiteElo "1668"]
[BlackElo "1387"]
[PlyCount "49"]
[EventDate "2011.02.01"]

1. e4 e5 2. Nf3 Nc6 3. Bb5 Qf6 4. d3 a6 5. Bg5 Qg6 6. Bxc6 dxc6 7. g3 Bd6 8.
O-O Bh3 9. Re1 f6 10. Be3 f5 11. exf5 Qxf5 12. Nh4 Qg4 13. Nd2 Qe6 14. Qh5+ Kd7
15. Bd4 Bg4 16. Qg5 Bh3 17. Bxe5 Qd5 18. Qxg7+ Ne7 19. Bxd6 Qxd6 20. Nc4 Qe6
21. Rxe6 Bxe6 22. Re1 Rag8 23. Qe5 Rg6 24. Nxg6 hxg6 25. Qxe6+ 1-0

[Event "C.to Provinciale MB"]
[Site "Ceriano Laghetto ITA"]
[Date "2011.02.??"]
[Round "2"]
[White "Sala, Pierluigi"]
[Black "Canciani, Alberto"]
[Result "1/2-1/2"]
[WhiteElo "1508"]
[BlackElo "1620"]
[PlyCount "87"]
[EventDate "2011.02.01"]

1. d4 e6 2. Nf3 c5 3. e4 Qc7 4. Be3 b6 5. dxc5 bxc5 6. c4 Bb7 7. Nc3 a6 8. Be2
Nf6 9. Qc2 d6 10. O-O Nbd7 11. Rfd1 Be7 12. Bf4 O-O 13. h3 e5 14. Bg5 h6 15.
Bxf6 Nxf6 16. a3 Rfc8 17. Rac1 g5 18. Nh2 Kh8 19. Ng4 Kg7 20. Nxf6 Bxf6 21. Bh5
Rd8 22. Qe2 Be7 23. Qf3 Bf8 24. Bg4 Rab8 25. Bf5 Ba8 26. Rc2 Bc6 27. Rcd2 Rb6
28. Nd5 Bxd5 29. exd5 Rdb8 30. Be4 Qd7 31. Bf5 Qe7 32. Be4 Qf6 33. Qxf6+ Kxf6
34. Rb1 Bg7 35. f3 Ke7 36. g4 a5 37. Kg2 Rb3 38. Kg3 Kf6 39. a4 Re3 40. h4 Reb3
41. Kf2 Bf8 42. Ke2 Be7 43. Kd1 Bd8 44. Kc2 1/2-1/2

[Event "C.to Provinciale MB"]
[Site "Ceriano Laghetto ITA"]
[Date "2011.02.??"]
[Round "3"]
[White "Gagliardi, Christian"]
[Black "Regorda, Vittorio"]
[Result "1-0"]
[WhiteElo "2216"]
[BlackElo "1876"]
[PlyCount "59"]
[EventDate "2011.02.01"]

1. e4 e5 2. f4 exf4 3. Nf3 Ne7 4. d4 d5 5. e5 Ng6 6. Bd3 Nh4 7. O-O Nxf3+ 8.
Qxf3 Be6 9. Bxf4 g6 10. Nd2 Bg7 11. c3 O-O 12. Qe3 Nc6 13. Bg5 Qd7 14. Rae1 Bg4
15. h3 Be6 16. Bf6 Ne7 17. Kh2 Kh8 18. Qh6 Rg8 19. Nf3 Nf5 20. Bxf5 Bxf6 21.
exf6 gxf5 22. Ng5 Rxg5 23. Qxg5 Rg8 24. Qf4 Rg6 25. Rf3 Rxf6 26. Qe5 Qd6 27.
Qxd6 cxd6 28. g4 h5 29. gxf5 Kh7 30. fxe6 1-0

[Event "C.to Provinciale MB"]
[Site "Ceriano Laghetto ITA"]
[Date "2011.02.??"]
[Round "3"]
[White "Morselli, Stefano"]
[Black "Moroni, Luca jr"]
[Result "0-1"]
[WhiteElo "1894"]
[BlackElo "1770"]
[PlyCount "94"]
[EventDate "2011.02.01"]

1. Nf3 Nf6 2. g3 g6 3. Bg2 Bg7 4. O-O O-O 5. Re1 d5 6. d3 Bg4 7. Nbd2 Nbd7 8.
h3 Bxf3 9. Bxf3 e5 10. c4 c6 11. Rb1 Qc7 12. b4 a6 13. Qb3 Qd6 14. a4 Rfe8 15.
Ba3 e4 16. c5 Qe7 17. dxe4 dxe4 18. Bg2 e3 19. Nc4 exf2+ 20. Kxf2 Nd5 21. Bxd5
cxd5 22. Nd6 Qe3+ 23. Kg2 Qg5 24. Bc1 Qh5 25. g4 Qe5 26. Qf3 Re7 27. Bb2 Qe6
28. Bxg7 Kxg7 29. Rbd1 Nf6 30. Rd3 h6 31. Kf2 Ne4+ 32. Kg2 Nxd6 33. cxd6 Qxd6
34. Red1 Rae8 35. R1d2 Qxb4 36. Rxd5 Qxa4 37. Qc3+ Kh7 38. Qd3 Qe4+ 39. Qxe4
Rxe4 40. Rd7 Rxe2+ 41. Rxe2 Rxe2+ 42. Kf3 Rb2 43. Rxf7+ Kg8 44. Rc7 a5 45. Ke4
a4 46. Ke5 a3 47. Kf6 Rb6+ 0-1

[Event "C.to Provinciale MB"]
[Site "Ceriano Laghetto ITA"]
[Date "2011.02.??"]
[Round "3"]
[White "Pino, Nicola"]
[Black "Napoli, Ferdinando"]
[Result "1-0"]
[WhiteElo "1790"]
[BlackElo "1744"]
[PlyCount "45"]
[EventDate "2011.02.01"]

1. e4 d6 2. d4 Nf6 3. Nc3 g6 4. Be3 Bg7 5. Be2 O-O 6. h4 e5 7. h5 exd4 8. Bxd4
Re8 9. hxg6 hxg6 10. f3 Nc6 11. Be3 Nh5 12. Qd2 Be6 13. Bh6 Be5 14. O-O-O Qf6
15. Bg5 Qg7 16. g4 Ng3 17. Rh3 Bxc3 18. bxc3 Nxe2+ 19. Nxe2 Ne5 20. Qf4 Nd7 21.
Rdh1 f6 22. Bh6 Qf7 23. Bf8 1-0

[Event "C.to Provinciale MB"]
[Site "Ceriano Laghetto ITA"]
[Date "2011.02.??"]
[Round "3"]
[White "Guzzetti, Luigi Enrico"]
[Black "Santarelli, Sabatino"]
[Result "1-0"]
[WhiteElo "1952"]
[BlackElo "1668"]
[PlyCount "141"]
[EventDate "2011.02.01"]

1. e4 c5 2. Nf3 Nc6 3. d4 cxd4 4. Nxd4 Nf6 5. Nc3 d6 6. Be2 g6 7. O-O Bg7 8.
Be3 O-O 9. Qd2 Re8 10. Rfd1 Bd7 11. a3 a6 12. f3 Qc7 13. Nxc6 Bxc6 14. Rac1
Rac8 15. Nd5 Nxd5 16. exd5 Bd7 17. c4 Ba4 18. Re1 Qd8 19. Qb4 Qd7 20. b3 Bxb3
21. Qxb3 e6 22. Qd3 e5 23. Rb1 f5 24. Rb6 e4 25. fxe4 Rxe4 26. Qb3 Rb8 27. Bf3
Re7 28. Bf2 Rxe1+ 29. Bxe1 Bd4+ 30. Bf2 Qe7 31. Qd1 Bxb6 32. Bxb6 Re8 33. Bf2
Qg5 34. c5 dxc5 35. d6 f4 36. Qd5+ Qxd5 37. Bxd5+ Kf8 38. Bxc5 Kg7 39. Bxb7 Kf6
40. Bc6 Re1+ 41. Kf2 Rd1 42. d7 Ke6 43. Ke2 Rxd7 44. Bxd7+ Kxd7 45. Kf3 Ke6 46.
Kxf4 h6 47. h4 Kf7 48. g4 Ke6 49. g5 h5 50. a4 Kd5 51. Be7 Ke6 52. Bb4 Kd5 53.
Ba5 Kd6 54. Bd8 Kd5 55. a5 Kd4 56. Bf6+ Kd5 57. Kf3 Ke6 58. Ke4 Kd6 59. Bd4 Ke6
60. Be5 Kd7 61. Kd5 Ke7 62. Kc6 Ke6 63. Bd6 Kf5 64. Kb6 Kg4 65. Kxa6 Kxh4 66.
Be7 Kg4 67. Kb5 h4 68. a6 h3 69. a7 h2 70. a8=Q Kh3 71. Qh1 1-0

[Event "C.to Provinciale MB"]
[Site "Ceriano Laghetto ITA"]
[Date "2011.02.??"]
[Round "3"]
[White "Ronconi, Fausto"]
[Black "Bencivenga, Antonio"]
[Result "1-0"]
[WhiteElo "1749"]
[BlackElo "1356"]
[PlyCount "55"]
[EventDate "2011.02.01"]

1. c4 Nf6 2. Nc3 e6 3. Nf3 d6 4. g3 b6 5. Bg2 Bb7 6. O-O Nbd7 7. d4 d5 8. cxd5
exd5 9. Bf4 c6 10. Rc1 Rc8 11. Re1 Be7 12. e4 O-O 13. exd5 Nxd5 14. Nxd5 cxd5
15. Rxc8 Bxc8 16. Ne5 Bb4 17. Nc6 Qf6 18. Nxb4 a5 19. Nxd5 Qd8 20. Ne7+ Kh8 21.
Nxc8 Qxc8 22. d5 Qc4 23. b3 Qa6 24. d6 h6 25. Re7 Qb5 26. Bh3 f5 27. Qd4 Qc6
28. Qxg7# 1-0

[Event "C.to Provinciale MB"]
[Site "Ceriano Laghetto ITA"]
[Date "2011.02.??"]
[Round "3"]
[White "Conta, Diego"]
[Black "Sala, Pierluigi"]
[Result "1-0"]
[WhiteElo "1708"]
[BlackElo "1508"]
[PlyCount "86"]
[EventDate "2011.02.01"]

1. d4 d5 2. c4 e6 3. Nc3 Nf6 4. Nf3 Nbd7 5. Bg5 Be7 6. e3 c5 7. Be2 O-O 8. O-O
cxd4 9. Nxd4 dxc4 10. Bxc4 Nb6 11. Bd3 Bd7 12. Rc1 a6 13. h3 Nbd5 14. Nxd5 Nxd5
15. Bxe7 Qxe7 16. Qh5 Nf6 17. Qh4 g6 18. Rc7 Kg7 19. Rxb7 Qd6 20. Be2 e5 21.
Nf3 Rab8 22. Rxb8 Rxb8 23. b3 Rb4 24. Qg3 Bb5 25. Bxb5 Rxb5 26. Nd4 Qd7 27.
Nxb5 Qxb5 28. f3 Nd7 29. Rd1 Nf6 30. Qf2 Nd5 31. e4 Nf4 32. Rd2 h5 33. Kh2 g5
34. g3 Ng6 35. Rd5 Qb4 36. Qd2 Qf8 37. Qxg5 Qc8 38. Qd2 h4 39. gxh4 Nf4 40.
Rxe5 Qxh3+ 41. Kg1 Qg3+ 42. Kf1 Qh3+ 43. Ke1 Qxh4+ 1-0

[Event "C.to Provinciale MB"]
[Site "Ceriano Laghetto ITA"]
[Date "2011.02.??"]
[Round "3"]
[White "Canciani, Alberto"]
[Black "Moioli, Ferruccio"]
[Result "0-1"]
[WhiteElo "1620"]
[BlackElo "1624"]
[PlyCount "98"]
[EventDate "2011.02.01"]

1. c4 g6 2. Nc3 Bg7 3. e4 d6 4. d4 Nd7 5. Nf3 b6 6. Be3 Bb7 7. Bd3 Ngf6 8. h3
c5 9. d5 O-O 10. O-O Qe8 11. Qd2 e6 12. Nb5 Qe7 13. Bg5 a6 14. Nc3 Rfe8 15.
Rae1 Qf8 16. Bf4 e5 17. Bh2 Bh6 18. Qc2 Rab8 19. g4 Bg7 20. Nd2 Qe7 21. a4 h5
22. f3 h4 23. f4 exf4 24. Bxf4 Nh7 25. Bh2 Ng5 26. Kg2 Be5 27. Nf3 Bxh2 28.
Kxh2 Nxf3+ 29. Rxf3 Ne5 30. Rf4 g5 31. Rff1 Bc8 32. Nd1 Bd7 33. Ne3 Nxd3 34.
Qxd3 Qe5+ 35. Kg2 Qxe4+ 36. Qxe4 Rxe4 37. Rf6 Rbe8 38. Kf2 Bxa4 39. Rxd6 Bb3
40. Rxb6 Bxc4 41. d6 Bb5 42. Nc2 Re2+ 43. Rxe2 Rxe2+ 44. Kf3 Rxc2 45. Ke4 Rxb2
46. Ke5 Kg7 47. Kd5 Bc4+ 48. Kxc5 Rxb6 49. Kxb6 Bb5 0-1

[Event "C.to Provinciale MB"]
[Site "Ceriano Laghetto ITA"]
[Date "2011.02.??"]
[Round "3"]
[White "Origgio, Stefano"]
[Black "Boffi, Luigi"]
[Result "0-1"]
[WhiteElo "1734"]
[BlackElo "1627"]
[PlyCount "58"]
[EventDate "2011.02.01"]

1. d4 Nf6 2. c4 e6 3. Nc3 Bb4 4. e3 O-O 5. Bd3 d5 6. Nf3 c5 7. O-O dxc4 8. Bxc4
cxd4 9. exd4 a6 10. Bg5 Nbd7 11. Qc2 b5 12. Bd3 h6 13. Bh4 Bb7 14. Be2 Rc8 15.
Rac1 Qc7 16. Bg3 Bd6 17. Bxd6 Qxd6 18. Rfd1 b4 19. Qb3 Bxf3 20. Bxf3 bxc3 21.
bxc3 Rb8 22. Qa4 Rb6 23. a3 Rfb8 24. c4 Qf4 25. c5 R6b7 26. c6 Ne5 27. dxe5
Qxa4 28. c7 Nd7 29. Bc6 Qf4 0-1

[Event "C.to Provinciale MB"]
[Site "Ceriano Laghetto ITA"]
[Date "2011.02.??"]
[Round "4"]
[White "Moroni, Luca jr"]
[Black "Gagliardi, Christian"]
[Result "1/2-1/2"]
[WhiteElo "1770"]
[BlackElo "2216"]
[PlyCount "106"]
[EventDate "2011.02.01"]

1. e4 c5 2. Nf3 Nc6 3. d4 cxd4 4. Nxd4 e6 5. Nc3 Qc7 6. Be2 a6 7. O-O Nf6 8.
Be3 Bb4 9. Na4 O-O 10. Nxc6 bxc6 11. Nb6 Rb8 12. Nxc8 Rfxc8 13. Bxa6 Rf8 14.
Bd3 Bd6 15. g3 Rxb2 16. Bd4 Rbb8 17. Rb1 e5 18. Bc3 Ra8 19. Rb2 Ba3 20. Rb3 Bc5
21. Qa1 d6 22. h3 Ra4 23. Re1 Qa7 24. Re2 Rxa2 25. Qb1 Ra3 26. Rb7 Qa8 27. Rb3
Rxb3 28. cxb3 Rb8 29. Ra2 Qb7 30. b4 Bb6 31. Kh2 Nd7 32. Qa1 Nf8 33. f4 f6 34.
f5 g6 35. g4 Be3 36. Ra6 Bb6 37. Kg2 gxf5 38. gxf5 Qg7+ 39. Kh2 Kh8 40. Qf1 Nd7
41. Bc4 Be3 42. Qg2 Nb6 43. Qxg7+ Kxg7 44. Bd3 Ra8 45. Rxa8 Nxa8 46. b5 cxb5
47. Bxb5 Nc7 48. Bc4 Bc5 49. Ba5 Ne8 50. Bd8 Kf8 51. Kg3 d5 52. Bxd5 Be7 53.
Bb6 Kg7 1/2-1/2

[Event "C.to Provinciale MB"]
[Site "Ceriano Laghetto ITA"]
[Date "2011.02.??"]
[Round "4"]
[White "Guzzetti, Luigi Enrico"]
[Black "Pino, Nicola"]
[Result "1-0"]
[WhiteElo "1952"]
[BlackElo "1790"]
[PlyCount "40"]
[EventDate "2011.02.01"]

1. e4 c5 2. Nf3 d6 3. d4 cxd4 4. Nxd4 Nf6 5. Nc3 e5 6. Nb3 a6 7. Be2 Be6 8. Be3
Be7 9. a4 Qc7 10. O-O O-O 11. f3 Nbd7 12. Qe1 Nh5 13. Qd2 f5 14. exf5 Bxb3 15.
cxb3 Nf4 16. Bc4+ d5 17. Bxd5+ Nxd5 18. Nxd5 Qd8 19. Rfd1 Nc5 20. Nxe7+ Qxe7
1-0